00493nam a2200157Ia 45000030006000000080041000060400015000471000021000622450035000832600034001185460012001529420012001649990017001760050017001939520125002100STCL150530s9999 xx 000 0 und d aSTCLcSTCL aSharrock; Editor aEnglish short stories of today bOxford University pressc1976 aEnglish 2ddccBK c58402d5840220220125171046.0 00102ddc4070aSTCALbSTCALcGENd2015-05-30g3.00l1o823-269p15195r2019-09-17 00:00:00s2019-09-04w2015-05-30yBK